000 00757nam a22002417a 4500
003 DO-SdBNP
005 20240806105545.0
008 161202b 2005 sp a 00| 0 spa d
020 _a8496412598
040 _aBPMSU
_bspa
_cBPMSU
082 4 _a843.47
_bP454p 2005
_222
100 1 _aPerrault, Charles
_d1628-1703
_968
245 1 0 _aPulgarcito /
_cCharles Perrault ; ilustración Lancman Ink
260 _aMadrid :
_bSusaeta Ediciones,
_c2005.
300 _a46 p. :
_bil, ;
_c20 cm.
490 5 _aCuentos infantiles,
_v5
590 _aInventariado, 2024/VM
650 4 _aCuentos infantiles franceses
650 4 _aLiteratura infantil francesa
700 1 _aInk, Lancman
_eilustración
910 _aVMateo V. Control de calidad. BPMSUb
942 _2ddc
_cBK
999 _c12201
_d12201